Wszystkie panstwa ktore byly faszystowskie, nazistowskie lub charakter - Statystyki

Ogólne statystyki
  • Ten quiz został rozwiązany 171 razy
  • Średni wynik to 11 z 16
Statystyki odpowiedzi
Lata Państwo % Poprawnych
1933–1945 Niemcy
99%
1922–1943 Włochy
97%
1939–1975 Hiszpania
86%
1944–1945 Węgry
80%
1930–1945 Japonia
79%
1940–1944 Rumunia
78%
1933–1938 Austria
74%
1940–1944 Francja
74%
1941–1944 Bułgaria
73%
1939–1945 Słowacja
64%
1933–1974 Portugalia
63%
1941–1945 Chorwacja
61%
1941–1944 Finlandia
51%
1943–1946 (kontrowersje do lat 50) Argentyna
49%
1973–1990 Chile
43%
1937–1945 Brazylia
30%
Nie znaleziono quizów pasujących do podanych kryteriów
Rozkład punktacji
Procent ludzi z każdym wynikiem
Percentyl według liczby udzielonych odpowiedzi
Twoja historia wyników
Nie rozwiązałeś tego quizu